[Event "RM-2023-0-00283"]
[Site "LSS email"]
[Date "2023.05.05"]
[Round "?"]
[White "Alava Moreno, Fausto"]
[Black "Cirulis, Ilmars"]
[Result "1/2-1/2"]
[WhiteElo "2337"]
[BlackElo "2287"]
[PlyCount "83"]
[EventDate "2023.03.04"]
[EventType "tourn (corr)"]
[EventRounds "6"]
[EventCountry "GER"]
[SourceTitle "Corr 2024"]
[Source "ChessBase"]
[SourceDate "2023.10.19"]
[SourceVersion "1"]
[SourceVersionDate "2023.10.19"]
[SourceQuality "1"]

1. d4 f5 2. e4 fxe4 3. Nc3 Nf6 4. Bg5 g6 5. h4 d5 6. h5 Bf5 7. Bxf6 exf6 8. g4 Be6 9. hxg6 Qe7 10. Nge2 Nc6 11. Nf4 0-0-0 12. gxh7 Qd7 13. g5 Bf5 14. g6 Bd6 15. Nce2 Ne7 16. Rh6 Kb8 17. Qd2 Qe8 18. Ne6 Bxe6 19. g7 Qf7 20. gxh8Q Rxh8 21. Bh3 Bxh3 22. Rxh3 Rxh7 23. Rxh7 Qxh7 24. 0-0-0 Qh4 25. Rf1 f5 26. Qe1 f4 27. c4 f3 28. Nc3 c6 29. Kb1 a6 30. a3 Qf6 31. cxd5 cxd5 32. Qd1 Bf4 33. Qa4 Bg5 34. Qb4 Nc6 35. Nxd5 Nxb4 36. Nxf6 Bxf6 37. axb4 Bxd4 38. Re1 Bxf2 39. Rxe4 Ba7 40. Kc2 f2 41. Rf4 Kc8 42. Kd3 1/2-1/2

[Event "RM-2023-0-00283"]
[Site "LSS email"]
[Date "2023.05.05"]
[Round "?"]
[White "Alava Moreno, Fausto"]
[Black "Susla, Vitaliy"]
[Result "1/2-1/2"]
[WhiteElo "2337"]
[BlackElo "2262"]
[PlyCount "52"]
[EventDate "2023.03.04"]
[EventType "tourn (corr)"]
[EventRounds "6"]
[EventCountry "GER"]
[SourceTitle "Corr 2024"]
[Source "ChessBase"]
[SourceDate "2023.10.19"]
[SourceVersion "1"]
[SourceVersionDate "2023.10.19"]
[SourceQuality "1"]

1. d4 d5 2. c4 c6 3. Nf3 Nf6 4. Nc3 e6 5. Bg5 h6 6. Bxf6 Qxf6 7. e3 Nd7 8. Bd3 dxc4 9. Bxc4 g6 10. 0-0 Bg7 11. e4 e5 12. d5 Nb6 13. Bb3 0-0 14. h3 cxd5 15. exd5 Bf5 16. Re1 Rad8 17. Rc1 h5 18. Qd2 Rfe8 19. Qe3 Nc8 20. d6 Rxd6 21. h4 Red8 22. Ng5 R6d7 23. a4 Bh6 24. Nce4 Bxe4 25. Nxe4 Qg7 26. Ng5 Qf6 1/2-1/2

[Event "RM-2023-0-00283"]
[Site "LSS email"]
[Date "2023.05.05"]
[Round "?"]
[White "Szulc, Stanislaw"]
[Black "Alava Moreno, Fausto"]
[Result "1/2-1/2"]
[WhiteElo "2246"]
[BlackElo "2337"]
[PlyCount "75"]
[EventDate "2023.03.04"]
[EventType "tourn (corr)"]
[EventRounds "6"]
[EventCountry "GER"]
[SourceTitle "Corr 2024"]
[Source "ChessBase"]
[SourceDate "2023.10.19"]
[SourceVersion "1"]
[SourceVersionDate "2023.10.19"]
[SourceQuality "1"]

1. e4 c5 2. Nf3 Nc6 3. d4 cxd4 4. Nxd4 Nf6 5. Nc3 e5 6. Ndb5 d6 7. Nd5 Nxd5 8. exd5 Nb8 9. c4 a6 10. Nc3 Be7 11. Be2 0-0 12. 0-0 f5 13. f4 Nd7 14. Kh1 Bf6 15. Be3 exf4 16. Bxf4 Be5 17. Qd2 b6 18. b4 a5 19. Bxe5 Nxe5 20. bxa5 Rxa5 21. Nb5 Rf6 22. Nd4 Bd7 23. Rfb1 Ra4 24. a3 h6 25. Qd1 Nxc4 26. Nc6 Qa8 27. Bxc4 Rxc4 28. Rxb6 Bxc6 29. dxc6 Kh7 30. a4 Rxc6 31. Rxc6 Qxc6 32. a5 Rf7 33. a6 Ra7 34. Qd3 g6 35. h4 h5 36. Qe3 Rxa6 37. Rxa6 Qxa6 38. Qe7+ 1/2-1/2

[Event "SM-2022-0-00495"]
[Site "LSS email"]
[Date "2022.12.13"]
[Round "?"]
[White "Alava Moreno, Fausto"]
[Black "Kazimierski, Tomasz"]
[Result "1/2-1/2"]
[WhiteElo "2343"]
[BlackElo "2220"]
[PlyCount "65"]
[EventDate "2022.11.22"]
[EventType "tourn (corr)"]
[EventRounds "6"]
[EventCountry "GER"]
[SourceTitle "Corr 2024"]
[Source "ChessBase"]
[SourceDate "2023.10.19"]
[SourceVersion "1"]
[SourceVersionDate "2023.10.19"]
[SourceQuality "1"]

1. e4 c5 2. Nf3 d6 3. Bb5+ Bd7 4. Bxd7+ Qxd7 5. c4 Nc6 6. Nc3 Nf6 7. d4 cxd4 8. Nxd4 g6 9. f3 Bg7 10. Be3 0-0 11. 0-0 Rfd8 12. Rc1 e6 13. Re1 Qc7 14. b3 Qa5 15. Qd2 d5 16. cxd5 exd5 17. Nxc6 bxc6 18. exd5 cxd5 19. Red1 d4 20. Bxd4 Rac8 21. Qe3 h6 22. Kf1 Kh7 23. a4 Rc7 24. Qe5 Qa6+ 25. Qe2 Qc8 26. Bxf6 Bxf6 27. Rxd8 Bxd8 28. Qd2 Bg5 29. f4 Bd8 30. Qe3 Qb7 31. Rb1 Qa6+ 32. Qe2 Qc6 33. Qd3 1/2-1/2

[Event "SM-2022-0-00495"]
[Site "LSS email"]
[Date "2022.12.13"]
[Round "?"]
[White "Szulc, Stanislaw"]
[Black "Alava Moreno, Fausto"]
[Result "1/2-1/2"]
[WhiteElo "2218"]
[BlackElo "2343"]
[PlyCount "69"]
[EventDate "2022.11.22"]
[EventType "tourn (corr)"]
[EventRounds "6"]
[EventCountry "GER"]
[SourceTitle "Corr 2024"]
[Source "ChessBase"]
[SourceDate "2023.10.19"]
[SourceVersion "1"]
[SourceVersionDate "2023.10.19"]
[SourceQuality "1"]

1. e4 c5 2. c3 d6 3. d4 Nf6 4. Bd3 g6 5. Nf3 Bg7 6. 0-0 0-0 7. h3 Nc6 8. d5 Nb8 9. Re1 e5 10. a4 Ne8 11. b4 Nd7 12. Qc2 cxb4 13. cxb4 f5 14. Ng5 Ndf6 15. Nc3 Nxe4 16. Ncxe4 fxe4 17. Bxe4 Nf6 18. b5 Nxe4 19. Nxe4 Bf5 20. Qb3 Qc7 21. Bg5 h6 22. Bd2 Qd7 23. Rac1 a6 24. b6 Bxe4 25. Rxe4 Qf7 26. Be3 Rac8 27. Rf1 Kh7 28. f3 Qd7 29. Qd3 h5 30. a5 Qf7 31. Qd2 Kg8 32. Qd3 Kh7 33. Re1 Bh6 34. Bxh6 Kxh6 35. h4 1/2-1/2

[Event "RM-2017-0-00177"]
[Site "LSS email"]
[Date "2017.12.14"]
[Round "?"]
[White "Szabo, Mihaly"]
[Black "Alava Moreno, Fausto"]
[Result "1/2-1/2"]
[WhiteElo "2381"]
[BlackElo "2332"]
[PlyCount "74"]
[EventDate "2017.03.30"]
[EventType "tourn (corr)"]
[EventRounds "6"]
[EventCountry "GER"]
[SourceTitle "Corr 2022"]
[Source "ChessBase"]
[SourceDate "2021.10.24"]
[SourceVersion "1"]
[SourceVersionDate "2021.10.24"]
[SourceQuality "1"]

1. d4 Nf6 2. c4 g6 3. Nc3 d5 4. cxd5 Nxd5 5. e4 Nxc3 6. bxc3 Bg7 7. Bc4 c5 8. Ne2 Nc6 9. Be3 0-0 10. 0-0 Bg4 11. f3 Na5 12. Bxf7+ Rxf7 13. fxg4 Rxf1+ 14. Kxf1 Qd6 15. Kg1 Qe6 16. Qd3 cxd4 17. cxd4 Qxg4 18. Rf1 Rc8 19. h3 Qd7 20. d5 Nc4 21. Bd4 Ne5 22. Qb1 b6 23. Qd1 e6 24. Nf4 exd5 25. Nxd5 Qd6 26. Qa4 Rf8 27. Be3 Rxf1+ 28. Kxf1 Qb8 29. Ke2 h5 30. Bg5 Kh8 31. Nf6 b5 32. Qa6 Nd7 33. Nxd7 Qg3 34. Qxb5 Qxg2+ 35. Kd1 Qxh3 36. a3 Qf3+ 37. Kc1 Qxa3+ 1/2-1/2

[Event "RM-2017-0-00177"]
[Site "LSS email"]
[Date "2017.12.02"]
[Round "?"]
[White "Alava Moreno, Fausto"]
[Black "Morcin, Tom"]
[Result "1/2-1/2"]
[WhiteElo "2332"]
[BlackElo "2267"]
[PlyCount "67"]
[EventDate "2017.03.30"]
[EventType "tourn (corr)"]
[EventRounds "6"]
[EventCountry "GER"]
[SourceTitle "Corr 2022"]
[Source "ChessBase"]
[SourceDate "2021.10.24"]
[SourceVersion "1"]
[SourceVersionDate "2021.10.24"]
[SourceQuality "1"]

1. e4 e5 2. Nf3 Nc6 3. d4 exd4 4. Nxd4 Nf6 5. Nxc6 bxc6 6. e5 Qe7 7. Qe2 Nd5 8. c4 Ba6 9. b3 g6 10. g3 Bg7 11. Bb2 0-0 12. Bg2 Rae8 13. 0-0 Bxe5 14. Qxe5 Qxe5 15. Bxe5 Rxe5 16. cxd5 Bxf1 17. Kxf1 cxd5 18. Nc3 c6 19. Rd1 Rfe8 20. Bf3 f5 21. b4 Kf7 22. a3 Rb8 23. Be2 a5 24. b5 Ke7 25. a4 Rf8 26. Bf3 Kd6 27. Ne2 g5 28. Bg2 g4 29. Nf4 Rfe8 30. Rb1 Ra8 31. Nd3 Re7 32. Nf4 Rb8 33. Kg1 Rbe8 34. Kf1 1/2-1/2

[Event "RM-2017-0-00176"]
[Site "LSS email"]
[Date "2017.11.16"]
[Round "?"]
[White "Alava Moreno, Fausto"]
[Black "Khanas, Valeriy"]
[Result "0-1"]
[WhiteElo "2332"]
[BlackElo "2329"]
[PlyCount "84"]
[EventDate "2017.02.02"]
[EventType "tourn (corr)"]
[EventRounds "6"]
[EventCountry "GER"]
[SourceTitle "Corr 2022"]
[Source "ChessBase"]
[SourceDate "2021.10.24"]
[SourceVersion "1"]
[SourceVersionDate "2021.10.24"]
[SourceQuality "1"]

1. e4 c5 2. c3 Nf6 3. e5 Nd5 4. d4 cxd4 5. Nf3 Nc6 6. cxd4 d6 7. Bc4 Nb6 8. Bb3 dxe5 9. d5 Na5 10. Nc3 f6 11. 0-0 Nxb3 12. Qxb3 e6 13. dxe6 Qd6 14. Nb5 Qc6 15. Be3 Bxe6 16. Nc7+ Kf7 17. Nxe6 Qxe6 18. Qc2 Nd5 19. Rad1 Be7 20. Qe4 Rad8 21. Bxa7 b6 22. a3 Rd7 23. Rd3 g6 24. Rfd1 Rhd8 25. Bb8 Nf4 26. Rxd7 Rxd7 27. Rxd7 Qxd7 28. h3 Qd1+ 29. Kh2 Qe2 30. Qxe2 Nxe2 31. Nd2 Ke6 32. Bc7 b5 33. Bb6 Kd5 34. Be3 f5 35. g3 f4 36. gxf4 exf4 37. Bb6 Nc1 38. Kg2 Bf6 39. b3 Bb2 40. Kf3 Bxa3 41. Kxf4 Bb4 42. Ne4 Nxb3 0-1

[Event "RM-2017-0-00176"]
[Site "LSS email"]
[Date "2017.11.16"]
[Round "?"]
[White "Alava Moreno, Fausto"]
[Black "McLeod, Sylvester"]
[Result "1/2-1/2"]
[WhiteElo "2332"]
[BlackElo "2311"]
[PlyCount "48"]
[EventDate "2017.02.02"]
[EventType "tourn (corr)"]
[EventRounds "6"]
[EventCountry "GER"]
[SourceTitle "Corr 2022"]
[Source "ChessBase"]
[SourceDate "2021.10.24"]
[SourceVersion "1"]
[SourceVersionDate "2021.10.24"]
[SourceQuality "1"]

1. e4 c5 2. c3 Nf6 3. e5 Nd5 4. d4 cxd4 5. Nf3 Nc6 6. cxd4 d6 7. Bc4 Nb6 8. Bb3 dxe5 9. d5 Na5 10. Nc3 Bg4 11. Be3 Nxb3 12. Qxb3 Bxf3 13. gxf3 g6 14. Ne4 Bg7 15. d6 e6 16. 0-0 Nd5 17. Rfd1 0-0 18. Rxd5 exd5 19. Qxd5 Qd7 20. Rc1 Rfc8 21. Rxc8+ Rxc8 22. Bxa7 Qh3 23. Nc5 Qh4 24. Qxb7 Qg5+ 1/2-1/2

[Event "RM-2017-0-00176"]
[Site "LSS email"]
[Date "2017.11.16"]
[Round "?"]
[White "Szabo, Mihaly"]
[Black "Alava Moreno, Fausto"]
[Result "1/2-1/2"]
[WhiteElo "2389"]
[BlackElo "2332"]
[PlyCount "80"]
[EventDate "2017.02.02"]
[EventType "tourn (corr)"]
[EventRounds "6"]
[EventCountry "GER"]
[SourceTitle "Corr 2022"]
[Source "ChessBase"]
[SourceDate "2021.10.24"]
[SourceVersion "1"]
[SourceVersionDate "2021.10.24"]
[SourceQuality "1"]

1. e4 e5 2. Nf3 Nc6 3. Bc4 Bc5 4. c3 Nf6 5. d3 d6 6. 0-0 a6 7. h3 Ba7 8. Re1 0-0 9. Bb3 Re8 10. Nbd2 Be6 11. Bxe6 Rxe6 12. Nf1 Qd7 13. Qb3 b5 14. Be3 Bxe3 15. Nxe3 Rb8 16. Nd5 Nd8 17. d4 Nxd5 18. exd5 Rg6 19. Qc2 f6 20. a4 Nf7 21. axb5 axb5 22. Re3 Ng5 23. Nxg5 Rxg5 24. dxe5 fxe5 25. Rf3 Qe7 26. Qe2 Qe8 27. Qe4 Ra8 28. Rxa8 Qxa8 29. Qd3 Qe8 30. Re3 Qd7 31. Re1 Rf5 32. Ra1 Rf8 33. Ra7 Qf7 34. f3 g6 35. Qd2 e4 36. fxe4 Qf1+ 37. Kh2 Qc4 38. Qg5 Re8 39. Rb7 Qxe4 40. Rxb5 h6 1/2-1/2

[Event "RM-2017-0-00175"]
[Site "LSS email"]
[Date "2017.09.24"]
[Round "?"]
[White "Alava Moreno, Fausto"]
[Black "Daanen, Aard"]
[Result "1-0"]
[WhiteElo "2333"]
[BlackElo "2194"]
[PlyCount "93"]
[EventDate "2016.11.14"]
[EventType "tourn (corr)"]
[EventRounds "6"]
[EventCountry "GER"]
[SourceTitle "Corr 2022"]
[Source "ChessBase"]
[SourceDate "2021.10.24"]
[SourceVersion "1"]
[SourceVersionDate "2021.10.24"]
[SourceQuality "1"]

1. d4 d5 2. c4 c6 3. Nf3 Nf6 4. Nc3 e6 5. Bg5 h6 6. Bxf6 Qxf6 7. e3 Nd7 8. Bd3 dxc4 9. Bxc4 g6 10. 0-0 Bg7 11. e4 0-0 12. e5 Qe7 13. Re1 Rd8 14. Bd3 b6 15. Qe2 a5 16. Rac1 Bb7 17. Be4 Ba6 18. Qe3 Rac8 19. h3 c5 20. d5 Nxe5 21. Nxe5 Bxe5 22. dxe6 Kg7 23. exf7 Bd4 24. Qg3 Qg5 25. Qxg5 hxg5 26. Bf3 Kxf7 27. Ne4 Rd5 28. Be2 Bxe2 29. Rxe2 Rh8 30. b3 Re8 31. Kf1 Red8 32. Rd2 Kg7 33. Rcd1 Re5 34. Nc3 Kf6 35. Nb5 Red5 36. a4 R8d7 37. Re1 Kf7 38. Re4 Be5 39. Rxd5 Rxd5 40. Na3 Bc7 41. Ke2 Bf4 42. Nc4 Bc7 43. Kf3 Rd3+ 44. Re3 Rd4 45. Ke2 Rf4 46. Nd2 Rb4 47. Re4 1-0

[Event "SM-2017-0-00379"]
[Site "LSS email"]
[Date "2017.08.03"]
[Round "?"]
[White "Wosch, Arkadiusz Janusz"]
[Black "Alava Moreno, Fausto"]
[Result "1-0"]
[WhiteElo "2357"]
[BlackElo "2341"]
[PlyCount "131"]
[EventDate "2017.06.04"]
[EventType "tourn (corr)"]
[EventRounds "6"]
[EventCountry "GER"]
[SourceTitle "Corr 2022"]
[Source "ChessBase"]
[SourceDate "2021.10.24"]
[SourceVersion "1"]
[SourceVersionDate "2021.10.24"]
[SourceQuality "1"]

1. e4 c5 2. Nf3 Nc6 3. d4 cxd4 4. Nxd4 Nf6 5. Nc3 e5 6. Ndb5 d6 7. Bg5 a6 8. Na3 b5 9. Nd5 Be7 10. Bxf6 Bxf6 11. c3 Bg5 12. Nc2 Ne7 13. Nxe7 Qxe7 14. a4 bxa4 15. Rxa4 Qb7 16. h4 Bd8 17. Bc4 Ra7 18. 0-0 Bd7 19. Rb4 Qc7 20. Bd5 h6 21. Rb3 0-0 22. h5 a5 23. Qd3 a4 24. Ra3 Qc5 25. Rb1 Rc7 26. b4 axb3 27. Rbxb3 Bg5 28. Nb4 Bb5 29. Qd1 Ra7 30. Rxa7 Qxa7 31. c4 Bd7 32. Nc6 Bxc6 33. Bxc6 Rb8 34. Rb5 Bd8 35. g3 Bb6 36. Qf3 Qc7 37. Bd5 Qd7 38. Qb3 Qa7 39. Kg2 Qc7 40. Qa4 Qe7 41. c5 dxc5 42. Qc4 Qd7 43. Rb3 Qc7 44. Rf3 Rf8 45. Qb3 Ba5 46. Bc4 Qe7 47. Qb2 Bd8 48. Qb5 Bc7 49. Ra3 Rb8 50. Qc6 Bd6 51. Ra6 Rd8 52. Qa4 Bb8 53. Qa5 Qc7 54. Qa2 Rf8 55. Qb1 Ba7 56. Ra3 Rd8 57. Rf3 Rd7 58. Qa2 Re7 59. Rd3 Qc8 60. Bd5 Bb8 61. Ra3 Qc7 62. Ra6 Ba7 63. Qa3 Qd7 64. Rg6 Qd8 65. Qf3 Rc7 66. Bc4 1-0

[Event "SM-2016-0-00363"]
[Site "LSS email"]
[Date "2016.10.28"]
[Round "?"]
[White "Alava Moreno, Fausto"]
[Black "Tylecek, Drahomir"]
[Result "1/2-1/2"]
[WhiteElo "2339"]
[BlackElo "2259"]
[PlyCount "76"]
[EventDate "2016.08.20"]
[EventType "tourn (corr)"]
[EventRounds "6"]
[EventCountry "GER"]
[SourceTitle "Corr 2022"]
[Source "ChessBase"]
[SourceDate "2021.10.24"]
[SourceVersion "1"]
[SourceVersionDate "2021.10.24"]
[SourceQuality "1"]

1. d4 Nf6 2. Bf4 g6 3. Nf3 Bg7 4. c3 0-0 5. h3 d6 6. Nbd2 Nbd7 7. e3 Qe8 8. Qc2 e5 9. Bg3 Qe7 10. dxe5 dxe5 11. Bh4 a5 12. Bc4 e4 13. Nd4 Ne5 14. Rd1 Nxc4 15. Nxc4 b6 16. Na3 Ba6 17. c4 Rac8 18. 0-0 Qe8 19. Bg3 Nh5 20. Bh2 f5 21. Nab5 Rf7 22. b3 Bh6 23. Nc3 Bb7 24. Rfe1 Bf8 25. Ndb5 Ng7 26. Nd5 Ne6 27. a4 Bc5 28. Qb2 Qf8 29. Na7 Re8 30. Be5 Ba3 31. Qa1 Nc5 32. Nf6+ Rxf6 33. Bxf6 Nxb3 34. Qa2 Qxf6 35. Qxb3 Bb4 36. c5+ Kh8 37. cxb6 Bxe1 38. Rxe1 cxb6 1/2-1/2

[Event "SM-2016-0-00363"]
[Site "LSS email"]
[Date "2016.10.28"]
[Round "?"]
[White "Ortiz, Manuel"]
[Black "Alava Moreno, Fausto"]
[Result "1/2-1/2"]
[WhiteElo "2368"]
[BlackElo "2339"]
[PlyCount "32"]
[EventDate "2016.08.20"]
[EventType "tourn (corr)"]
[EventRounds "6"]
[EventCountry "GER"]
[SourceTitle "Corr 2022"]
[Source "ChessBase"]
[SourceDate "2021.10.24"]
[SourceVersion "1"]
[SourceVersionDate "2021.10.24"]
[SourceQuality "1"]

1. e4 e6 2. d4 d5 3. e5 c5 4. c3 Nc6 5. Nf3 Qb6 6. Be2 cxd4 7. cxd4 Nh6 8. Nc3 Nf5 9. Na4 Qa5+ 10. Nc3 Qb6 11. Na4 Qa5+ 12. Nc3 Bb4 13. Qd3 Qb6 14. a3 Be7 15. Na4 Qa5+ 16. Nc3 Qb6 1/2-1/2

[Event "SM-2016-0-00352"]
[Site "LSS email"]
[Date "2016.05.10"]
[Round "?"]
[White "Alava Moreno, Fausto"]
[Black "Wosch, Arkadiusz Janusz"]
[Result "1/2-1/2"]
[WhiteElo "2336"]
[BlackElo "2323"]
[PlyCount "119"]
[EventDate "2016.04.01"]
[EventType "tourn (corr)"]
[EventRounds "6"]
[EventCountry "GER"]
[SourceTitle "Corr 2022"]
[Source "ChessBase"]
[SourceDate "2021.10.24"]
[SourceVersion "1"]
[SourceVersionDate "2021.10.24"]
[SourceQuality "1"]

1. e4 c5 2. Nf3 Nc6 3. d4 cxd4 4. Nxd4 Nf6 5. Nc3 d6 6. Bg5 e6 7. Qd2 a6 8. 0-0-0 Bd7 9. Kb1 h6 10. Be3 Qc7 11. f3 Be7 12. g4 b5 13. a3 Nxd4 14. Bxd4 Qb7 15. Na2 a5 16. h4 e5 17. Be3 Be6 18. Rg1 h5 19. gxh5 b4 20. a4 Nxh5 21. Bb5+ Kf8 22. c3 bxc3 23. Nxc3 g6 24. Nd5 Bxd5 25. exd5 Qc7 26. Rc1 Qd8 27. Rc6 Nf4 28. Rg4 Kg8 29. Bb6 Qf8 30. Bxa5 Bxh4 31. Bc7 Be7 32. Rg1 Rh3 33. Rf1 Rg3 34. Qe1 Rh3 35. a5 Nxd5 36. a6 Ra7 37. Bxd6 Bxd6 38. Qd2 Nc7 39. Rxd6 Rh2 40. Qd3 Kh7 41. Bc4 Nxa6 42. Rxa6 Qb8 43. Qa3 Rxb2+ 44. Qxb2 Rb7 45. Rf2 Rxb2+ 46. Rxb2 Qc8 47. Rh2+ Kg7 48. Rc2 e4 49. fxe4 Qb7+ 50. Ka2 Qxe4 51. Bb3 Qb7 52. Rd6 Qa8+ 53. Kb2 Qe8 54. Rcd2 Qe5+ 55. R2d4 Qe2+ 56. Ka3 Qe7 57. Bc4 Qa7+ 58. Kb4 Kh6 59. R4d5 f5 60. Rd1 1/2-1/2

[Event "SM-2016-0-00352"]
[Site "LSS email"]
[Date "2016.05.10"]
[Round "?"]
[White "Collazo, Fernando"]
[Black "Alava Moreno, Fausto"]
[Result "0-1"]
[WhiteElo "2314"]
[BlackElo "2336"]
[PlyCount "64"]
[EventDate "2016.04.01"]
[EventType "tourn (corr)"]
[EventRounds "6"]
[EventCountry "GER"]
[SourceTitle "Corr 2022"]
[Source "ChessBase"]
[SourceDate "2021.10.24"]
[SourceVersion "1"]
[SourceVersionDate "2021.10.24"]
[SourceQuality "1"]

1. c4 e6 2. d4 d5 3. Nc3 Nf6 4. Nf3 c6 5. Bg5 h6 6. Bh4 dxc4 7. e4 g5 8. Bg3 b5 9. Be2 Bb7 10. h4 g4 11. Ne5 Nbd7 12. Nxd7 Qxd7 13. Be5 Qe7 14. Bxg4 Rg8 15. Bf3 0-0-0 16. Qe2 Nd7 17. Bg3 e5 18. d5 cxd5 19. exd5 f5 20. Nxb5 Qb4+ 21. Nc3 Nc5 22. 0-0 Nd3 23. Bh5 f4 24. Bh2 Qxb2 25. Qxb2 Nxb2 26. Bf7 Rg7 27. Be6+ Kb8 28. Rfc1 Nd3 29. Rc2 Ba6 30. f3 Bc5+ 31. Kf1 Bd4 32. Rb1+ Rb7 0-1

[Event "SM-2016-0-00352"]
[Site "LSS email"]
[Date "2016.05.10"]
[Round "?"]
[White "Willmann, Bernd"]
[Black "Alava Moreno, Fausto"]
[Result "1/2-1/2"]
[WhiteElo "2221"]
[BlackElo "2336"]
[PlyCount "58"]
[EventDate "2016.04.01"]
[EventType "tourn (corr)"]
[EventRounds "6"]
[EventCountry "GER"]
[SourceTitle "Corr 2022"]
[Source "ChessBase"]
[SourceDate "2021.10.24"]
[SourceVersion "1"]
[SourceVersionDate "2021.10.24"]
[SourceQuality "1"]

1. d4 Nf6 2. c4 g6 3. Nc3 d5 4. cxd5 Nxd5 5. e4 Nxc3 6. bxc3 Bg7 7. Be3 c5 8. Rc1 Qa5 9. Qd2 cxd4 10. cxd4 Qxd2+ 11. Bxd2 0-0 12. Be3 e6 13. Nf3 Nc6 14. Bb5 Bd7 15. d5 exd5 16. exd5 Ne5 17. Bxd7 Nxd7 18. 0-0 Nb6 19. Rfd1 Rfd8 20. d6 Rac8 21. Rxc8 Nxc8 22. d7 Nb6 23. Bxb6 axb6 24. g3 Kf8 25. Kg2 Ke7 26. Ng5 h5 27. Re1+ Kf6 28. Nh7+ Kf5 29. Rd1 Ke6 1/2-1/2

[Event "SM-2016-0-00351"]
[Site "LSS email"]
[Date "2016.04.15"]
[Round "?"]
[White "Steinke, Ruediger"]
[Black "Alava Moreno, Fausto"]
[Result "1/2-1/2"]
[WhiteElo "2321"]
[BlackElo "2336"]
[PlyCount "41"]
[EventDate "2016.03.26"]
[EventType "tourn (corr)"]
[EventRounds "6"]
[EventCountry "GER"]
[SourceTitle "Corr 2022"]
[Source "ChessBase"]
[SourceDate "2021.10.24"]
[SourceVersion "1"]
[SourceVersionDate "2021.10.24"]
[SourceQuality "1"]

1. e4 e6 2. d4 d5 3. Nc3 Nf6 4. Bg5 Be7 5. e5 Nfd7 6. h4 h6 7. Be3 c5 8. Qg4 g6 9. dxc5 Nxe5 10. Qg3 Nbc6 11. 0-0-0 h5 12. Bf4 Ng4 13. f3 Nf6 14. Bd3 Bxc5 15. Nh3 Be7 16. Bc7 Qd7 17. Rhe1 0-0 18. Bxg6 fxg6 19. Qxg6+ Kh8 20. Ng5 Qxc7 21. Qh6+ 1/2-1/2

[Event "SM-2016-0-00351"]
[Site "LSS email"]
[Date "2016.04.15"]
[Round "?"]
[White "Susla, Vitaliy"]
[Black "Alava Moreno, Fausto"]
[Result "1/2-1/2"]
[WhiteElo "2300"]
[BlackElo "2336"]
[PlyCount "59"]
[EventDate "2016.03.26"]
[EventType "tourn (corr)"]
[EventRounds "6"]
[EventCountry "GER"]
[SourceTitle "Corr 2022"]
[Source "ChessBase"]
[SourceDate "2021.10.24"]
[SourceVersion "1"]
[SourceVersionDate "2021.10.24"]
[SourceQuality "1"]

1. d4 d5 2. c4 c6 3. cxd5 cxd5 4. Bf4 Nc6 5. e3 Nf6 6. Nc3 Bf5 7. Qb3 Na5 8. Qa4+ Bd7 9. Qc2 e6 10. Bd3 Rc8 11. Nf3 Bb4 12. 0-0 0-0 13. Ne5 h6 14. h3 Qe7 15. Rfc1 Rfd8 16. Bg3 a6 17. Qe2 Bxc3 18. Rxc3 Rxc3 19. bxc3 Rc8 20. Bh4 g5 21. Bg3 Be8 22. f4 Bb5 23. fxg5 hxg5 24. Bxb5 axb5 25. Rf1 Nc4 26. h4 Nxe5 27. Bxe5 Nd7 28. Bg3 Nf8 29. Qf2 f5 30. hxg5 1/2-1/2

[Event "SM-2016-0-00347"]
[Site "LSS email"]
[Date "2016.01.25"]
[Round "?"]
[White "Van Hooff, Ruud"]
[Black "Alava Moreno, Fausto"]
[Result "1/2-1/2"]
[WhiteElo "2335"]
[BlackElo "2354"]
[PlyCount "45"]
[EventDate "2015.12.07"]
[EventType "tourn (corr)"]
[EventRounds "6"]
[EventCountry "GER"]
[SourceTitle "Corr 2022"]
[Source "ChessBase"]
[SourceDate "2021.10.24"]
[SourceVersion "1"]
[SourceVersionDate "2021.10.24"]
[SourceQuality "1"]

1. d4 Nf6 2. c4 g6 3. g3 c6 4. Bg2 d5 5. cxd5 cxd5 6. Nf3 Bg7 7. Nc3 0-0 8. Ne5 e6 9. 0-0 Nfd7 10. f4 Nc6 11. Be3 Nb6 12. Bf2 Bd7 13. e4 Ne7 14. Nxd7 Qxd7 15. e5 Rac8 16. Rc1 a6 17. b3 Rc7 18. Qd2 Rfc8 19. g4 Bf8 20. Qe3 Nc6 21. f5 Ba3 22. Rcd1 Nb4 23. Qh6 1/2-1/2

[Event "SM-2015-0-00343"]
[Site "LSS email"]
[Date "2015.12.08"]
[Round "?"]
[White "Astroukh, Vitalij"]
[Black "Alava Moreno, Fausto"]
[Result "1-0"]
[WhiteElo "2330"]
[BlackElo "2356"]
[PlyCount "59"]
[EventDate "2015.11.02"]
[EventType "tourn (corr)"]
[EventRounds "6"]
[EventCountry "GER"]
[SourceTitle "Corr 2022"]
[Source "ChessBase"]
[SourceDate "2021.10.24"]
[SourceVersion "1"]
[SourceVersionDate "2021.10.24"]
[SourceQuality "1"]

1. e4 e5 2. Nf3 Nc6 3. Bb5 a6 4. Ba4 Nf6 5. 0-0 Be7 6. Re1 b5 7. Bb3 d6 8. c3 Bb7 9. d4 0-0 10. h3 Re8 11. Nbd2 h6 12. Bc2 Bf8 13. a4 exd4 14. cxd4 Nb4 15. Bb1 c5 16. d5 Nd7 17. Ra3 g6 18. Nf1 Bg7 19. a5 Rc8 20. N1h2 Kh7 21. Ng4 Qe7 22. Qd2 Qf8 23. h4 Rc7 24. h5 g5 25. e5+ Kh8 26. Nxg5 hxg5 27. e6 Nxd5 28. exd7 Rxe1+ 29. Qxe1 Rxd7 30. Bxg5 1-0

[Event "SM-2015-0-00338"]
[Site "LSS email"]
[Date "2015.10.20"]
[Round "?"]
[White "Marwitz, Ullrich"]
[Black "Alava Moreno, Fausto"]
[Result "1-0"]
[WhiteElo "2224"]
[BlackElo "2365"]
[PlyCount "77"]
[EventDate "2015.08.21"]
[EventType "tourn (corr)"]
[EventRounds "6"]
[EventCountry "GER"]
[SourceTitle "Corr 2022"]
[Source "ChessBase"]
[SourceDate "2021.10.24"]
[SourceVersion "1"]
[SourceVersionDate "2021.10.24"]
[SourceQuality "1"]

1. e4 c5 2. Nc3 d6 3. Nge2 Nf6 4. d4 cxd4 5. Nxd4 a6 6. Be3 Ng4 7. Bc1 Nf6 8. f3 e5 9. Nb3 Be6 10. Be3 h5 11. Nd5 Bxd5 12. exd5 Nbd7 13. Qd2 g6 14. Be2 Bg7 15. Na5 Qc7 16. c4 e4 17. 0-0 0-0 18. f4 Ng4 19. Bxg4 hxg4 20. Rab1 b6 21. Nc6 Nb8 22. f5 Nxc6 23. dxc6 Qxc6 24. Qe2 g3 25. hxg3 d5 26. cxd5 Qxd5 27. f6 Bh8 28. g4 Qxa2 29. Ra1 Qb3 30. g5 Rfe8 31. Ra3 Qd5 32. Rxa6 Rxa6 33. Qxa6 b5 34. Qa7 Qd3 35. Re1 Qd6 36. Qd4 Qg3 37. Qd2 Qg4 38. Qd6 Qf5 39. Rd1 1-0